Quizzes
Events
Quiz Creation
Community
Videos
Private Events
Remove Ads
Sign In
Join for FREE
Feedback
Dark Mode
Quiz Categories
Sports
Geography
Music
Movies
Television
Just For Fun
Miscellaneous
History
Literature
Language
Science
Gaming
Entertainment
Religion
Holiday
For Kids
Quiz Lab
Recent
Popular Today
Quiz Kudos Today
Editor Picks
Curator Picks
Quizzes by...
Day
Popularity
Type
Ratings
Length
Year
Community
Subscriptions
Recent Discussions
Orange Saloon
Badges
Playlists
Quests
Create
Leaderboards
Showdown
Live 5
Trivia Bingo
Activity
Puzzle Library
Sporcle Events
Private Events
Virtual Trivia
Globe League
Become a Host
Pub Owners
SporcleCon
Opinionation
Our Games
Videos
Blog
Mobile Apps
Partnerships
Remove Ads and Go Orange
Feedback
Sports
Athletes
MLB
NBA
NHL
NFL
Soccer
Sports Teams
WWE
NCAA
Football
Premier League
Basketball
Baseball
Hockey
Golf
Tennis
Cricket
Rugby
Auto Racing
Olympics
World Cup
Sports
Athletes
MLB
NBA
NHL
NFL
Soccer
Sports Teams
WWE
NCAA
Football
Premier League
Basketball
Baseball
Hockey
Golf
Tennis
Cricket
Rugby
Auto Racing
Olympics
World Cup
Random Quiz
Search Sporcle
×
Quiz Lab
Quiz Lab
Sports
NBA
Type in answers that appear in a list
Type in answers that appear in a list
Classic
Best Score? Go Orange.
NBA 2012-2013 Double-Doubles Leaders Stats
Can you name the NBA 2012-2013 Double-Doubles Leaders?
By
PauGasol
6m
52 Questions
199 Plays
199 Plays
199 Plays
Comments
Comments
Give Quiz Kudos
Give Quiz Kudos
-
- Ratings
hide this ad
More Info
Replay
Link that replays current quiz
Next Quiz
Link to next quiz in quiz playlist
You Got
0%
They Got
Avg Score
81%
Avg Friend Score
Upgrade to see
Score Distribution
Jump to the score distribution portion of the page
Score
0/52
Timer
06:00
0
Plays Today
Team - Double Doubles
Player
% Correct
MIA -
36
LeBron James
95.5%
GSW -
56
David Lee
95%
LAL -
48
Dwight Howard
94%
LAC -
31
Chris Paul
90.5%
POR -
38
LaMarcus Aldridge
89.9%
CHI -
33
Joakim Noah
89.9%
OKC -
19
Kevin Durant
89.9%
MEM -
45
Zach Randolph
89.4%
LAL -
15
Pau Gasol
88.9%
LAC -
28
Blake Griffin
88.4%
MEM -
18
Marc Gasol
88.4%
CHI -
44
Carlos Boozer
87.9%
ATL -
43
Al Horford
87.9%
SAS -
36
Tim Duncan
87.9%
ATL -
29
Josh Smith
87.4%
OKC -
23
Russell Westbrook
87.4%
IND -
16
David West
87.4%
LAL -
16
Kobe Bryant
85.9%
UTA -
37
Al Jefferson
85.4%
IND -
23
Paul George
85.4%
GSW -
15
Stephen Curry
85.4%
IND -
23
Roy Hibbert
84.9%
BOS -
19
Kevin Garnett
84.9%
DET -
37
Greg Monroe
84.4%
SAC -
35
DeMarcus Cousins
84.4%
BKN -
21
Deron Williams
84.4%
Team - Double Doubles
Player
% Correct
BOS -
20
Rajon Rondo
83.4%
MIA -
15
Chris Bosh
83.4%
NYK -
20
Tyson Chandler
81.9%
NOH -
20
Anthony Davis
81.4%
SAS -
17
Tony Parker
81.4%
HOU -
33
Omer Asik
79.9%
PHI -
20
Jrue Holiday
79.9%
CLE -
31
Tristan Thompson
78.9%
OKC -
15
Serge Ibaka
78.9%
ORL -
46
Nikola Vucevic
77.9%
DEN -
31
Kenneth Faried
76.4%
UTA -
15
Paul Millsap
76.4%
MIL -
26
Larry Sanders
75.9%
PHX -
17
Marcin Gortat
75.4%
PHX -
19
Goran Dragic
74.4%
ATL -
15
Jeff Teague
74.4%
MIN -
26
Nikola Pekovic
73.9%
POR -
40
J.J. Hickson
71.4%
PHI -
21
Thaddeus Young
71.4%
NOH -
25
Greivis Vasquez
69.8%
CLE -
16
Anderson Varejao
68.8%
PHI -
19
Spencer Hawes
65.3%
WSH -
20
Emeka Okafor
62.8%
MIL -
18
Ersan Ilyasova
62.8%
TOR -
15
Amir Johnson
62.8%
PHX -
15
Luis Scola
52.8%
Quiz Playlist
Details
Report
Send in Message
Add To Playlist
More Info:
Name the NBA players with 15 or more double doubles during 2012-13 regular season.
Classic:
Type in answers that appear in a list
Quiz Source
Last Updated: Feb 16, 2017
Quiz Scoreboard
CHALLENGE
Sign Up to Join the Scoreboard
Show All
Scores
Hide
Comments
May contain spoilers
Recently Published
TV Characters by Other Roles V
by ghcgh
Television
5m
Decade Duel: World Leaders
by jenniferyan
History
4m
Alphabetical 'K' Countries by Flag Minefield
by ylime102
Geography
3m
More to Explore
Quiz From the Vault
Featured Blog Post
15 Basketball Trivia Facts You Can Be March Mad About
hide this ad
You Might Also Like...
Tags
Basketball Quiz
NBA Quiz
assist
NBA Points
rebounds
Today's Top Quizzes in Sports
Browse Sports
hide this ad
Today's Top Quizzes in NBA
Browse NBA
Top Contributed Quizzes in Sports
1
Les joueurs à 100 buts en Ligue 1 Uber Eats
2
2022 World Cup Stars
3
Pick 6: NFL Teams
4
MLB 2 truths and a lie: Hall of Fame pitchers
5
Pick 6: Minor League Baseball
6
Millionaire: NBA Finals Edition
7
Pick 6: Olympics
8
Click the 1998 NBA Draft
9
Criteria MLB: Left Handed Sluggers
10
NBA Logic Puzzle 2.0
Explore More
Trending Topics
NBA
Harry Potter
Anime
Crossword
Marvel
Kpop
Disney
WWE
Song
Country
Soccer
Pokémon
The Office
NFL
Puzzle
hide this ad
More By:
PauGasol
Quiz
Plays
Rating
Category
Featured
Created
NBA 2012-2013 EWA Leaders
5,207
3.93
Sports
May 1, 2013
NBA 2012-2013 Triple-Doubles
814
4.00
Sports
May 2, 2013
NBA 2012-2013 Active Players Points Leaders (1/10/13)
282
4.00
Sports
Feb 12, 2013
NBA 2012-2013 Double-Doubles Leaders
199
4.33
Sports
Apr 21, 2013
NBA 2012-2013 Minutes Leaders
148
4.50
Sports
Apr 23, 2013
Go to Creator's Profile
Score Distribution
Quiz Creator Spotlight
PauGasol
Follow
Send a Message
Quizzes Created
-
Created Quiz Play Count
-
More By This Creator
Popular Quizzes Today
1
Countries of Asia Without Outlines Minefield
2
Find the US States - No Outlines Minefield
3
Pick 6: Fruits
4
The Countries of the World
5
Alphabetical 'K' Countries by Flag Minefield
6
Find the Countries of Europe - No Outlines Minefield
7
US States
8
Find the US States
More Sports Quizzes
MLB 350 Home Run Hitters A-Z
Published
Trending Quizzes
Pick 6: Mountains
Pick 6: Harry Potter
Pick 6: Flags
Pick 6: NFL Teams
Pick 6: Movie Franchises
Recently Updated
Adaptations: Name the Title
pecheneg
NWSL Teams
pecheneg
Women's Final Four Teams by Year
bhenderson79
Presidents Quartet II
eogle
Anything But Clue(do)
eogle
Anything But Oceanian Capitals
eogle
Anything But 7
eogle
Anything But Thing
eogle
Word Ladder: February 29
pecheneg
Song Title Questions
pecheneg
Trending Topics
Disney
Anime
NBA
Crossword
Marvel
Harry Potter
Kpop
Soccer
Puzzle
The Office
Song
Pokémon
WWE
NFL
Country
Your Account Isn't Verified!
In order to create a playlist on Sporcle, you need to verify the email address you used during registration. Go to your
Sporcle Settings
to finish the process.
Report this User
Report this user for behavior that violates our
Community Guidelines
.
Details:
Send Report
Go to the Sporcle.com Mobile Site →
Comments